| 000 | 00742nam a2200169 a 4500 | ||
|---|---|---|---|
| 001 | 000029777 | ||
| 003 | DO-SdBNP | ||
| 005 | 20210630093657.0 | ||
| 008 | 091124s1967 dr 000 0 spa d | ||
| 040 |
_aDO-SdBNP _bspa _cBNPHU |
||
| 049 | _aBNPD | ||
| 082 |
_axxxx _bM548 |
||
| 245 | 0 | 0 | _aMensaje leído por el excelentísimo señor presidente de la República, Doctor Joaquín Balaguer, ante el Congreso Nacional, el 27 de febrero de 1968, en ocasión de presentar las memorias de los diversos departamentos de la administración pública, correpondientes al ejercicio del año 1967 /. |
| 260 |
_aSanto Domingo : _bDirección General de Información y Prensa de la Presidencia, _c[1967]. |
||
| 300 |
_a23 p. ; _c21 cm. |
||
| 942 |
_2ddc _cLBS1 |
||
| 999 |
_c29269 _d29269 |
||